000 00311nam a2200109Ia 4500
001 1266735
005 20260417145120.0
008 260417s9999 xx 000 0 und d
020 _a9786258124170
245 0 _aGençler! Merhamet Edin ki Merhamet Olunasınız!
_cMustafa Karaşahin
260 _bBeyan Yayınları
999 _c1266735
_d1266735